[Event "Women's World Team Chess Championship"]
[Site "Khanty-Mansiysk, RUS."]
[Date "2017.06.23"]
[Round "6.12"]
[White "Guo Qi (CHN)"]
[Black "Yu Jennifer R (USA)"]
[Result "1/2-1/2"]
[BlackElo "2319"]
[WhiteElo "2417"]
[LiveChessVersion "1.4.8"]

1. d4 {[%clk 1:30:55]} d5 {[%clk 1:30:48]} 2. c4 {[%clk 1:31:17]} c6
{[%clk 1:31:09]} 3. Nf3 {[%clk 1:31:34]} Nf6 {[%clk 1:31:28]} 4. e3
{[%clk 1:31:48]} g6 {[%clk 1:31:29]} 5. Nc3 {[%clk 1:32:08]} Bg7 {[%clk 1:31:43]}
6. Bd3 {[%clk 1:32:25]} O-O {[%clk 1:31:58]} 7. O-O {[%clk 1:32:48]} dxc4
{[%clk 1:32:10]} 8. Bxc4 {[%clk 1:33:11]} Bg4 {[%clk 1:32:33]} 9. h3
{[%clk 1:33:29]} Bxf3 {[%clk 1:32:55]} 10. Qxf3 {[%clk 1:33:50]} Nbd7
{[%clk 1:33:12]} 11. Rd1 {[%clk 1:33:58]} e5 {[%clk 1:32:59]} 12. d5
{[%clk 1:33:29]} e4 {[%clk 1:32:29]} 13. Nxe4 {[%clk 1:33:36]} Nxe4
{[%clk 1:31:54]} 14. Qxe4 {[%clk 1:33:58]} Nb6 {[%clk 1:31:15]} 15. Bb3
{[%clk 1:33:03]} cxd5 {[%clk 1:31:17]} 16. Qf3 {[%clk 1:33:26]} Qf6
{[%clk 1:19:37]} 17. Qxf6 {[%clk 1:33:42]} Bxf6 {[%clk 1:20:03]} 18. Rb1
{[%clk 1:34:07]} Rfd8 {[%clk 1:18:30]} 19. Bd2 {[%clk 1:34:12]} Rac8
{[%clk 1:15:29]} 20. Ba5 {[%clk 1:34:06]} Rc5 {[%clk 1:12:37]} 21. Bxb6
{[%clk 1:33:33]} axb6 {[%clk 1:13:01]} 22. g3 {[%clk 1:25:12]} d4
{[%clk 1:06:08]} 23. e4 {[%clk 1:25:36]} b5 {[%clk 1:06:24]} 24. Kg2
{[%clk 1:22:34]} b6 {[%clk 1:03:37]} 25. Rd3 {[%clk 1:22:31]} Kg7
{[%clk 0:57:52]} 26. f4 {[%clk 1:18:41]} Rc7 {[%clk 0:53:58]} 27. Re1
{[%clk 0:59:04]} Be7 {[%clk 0:49:02]} 28. e5 {[%clk 0:59:00]} Bc5
{[%clk 0:41:58]} 29. g4 {[%clk 0:58:41]} f6 {[%clk 0:26:23]} 30. e6
{[%clk 0:57:40]} f5 {[%clk 0:21:13]} 31. Re5 {[%clk 0:50:45]} Kf6
{[%clk 0:20:04]} 32. Kf3 {[%clk 0:49:45]} h5 {[%clk 0:15:50]} 33. g5+
{[%clk 0:26:28]} Ke7 {[%clk 0:16:05]} 34. Re1 {[%clk 0:26:51]} b4
{[%clk 0:12:38]} 35. Rc1 {[%clk 0:26:05]} Ra7 {[%clk 0:12:16]} 36. Rcd1
{[%clk 0:25:33]} Rda8 {[%clk 0:11:56]} 37. Ra1 {[%clk 0:21:55]} Rd8
{[%clk 0:12:08]} 38. Rad1 {[%clk 0:18:50]} Rd6 {[%clk 0:10:48]} 39. Re1
{[%clk 0:19:09]} Rd8 {[%clk 0:10:46]} 40. Red1 {[%clk 0:49:34]} Rd6
{[%clk 0:40:57]} 41. Re1 {[%clk 0:49:59]} Rd8 {[%clk 0:41:06]} 1/2-1/2

[Event "Women's World Team Chess Championship"]
[Site "Khanty-Mansiysk, RUS."]
[Date "2017.06.23"]
[Round "6.14"]
[White "Lagno Kateryna (RUS)"]
[Black "Karavade Eesha (IND)"]
[Result "1/2-1/2"]
[BlackElo "2388"]
[WhiteElo "2539"]
[LiveChessVersion "1.4.8"]

1. d4 {[%clk 1:30:55]} d5 {[%clk 1:30:04]} 2. c4 {[%clk 1:31:15]} c6
{[%clk 1:28:25]} 3. cxd5 {[%clk 1:31:01]} cxd5 {[%clk 1:28:44]} 4. Bg5
{[%clk 1:31:26]} Nc6 {[%clk 1:25:48]} 5. Nc3 {[%clk 1:31:40]} h6 {[%clk 1:17:18]}
6. Bh4 {[%clk 1:31:50]} Nf6 {[%clk 1:12:13]} 7. Bxf6 {[%clk 1:31:56]} exf6
{[%clk 1:12:37]} 8. e3 {[%clk 1:31:07]} Bb4 {[%clk 1:12:06]} 9. Bd3
{[%clk 1:25:41]} Bxc3+ {[%clk 1:05:49]} 10. bxc3 {[%clk 1:25:54]} O-O
{[%clk 1:06:01]} 11. Qf3 {[%clk 1:19:38]} Be6 {[%clk 0:58:29]} 12. Ne2
{[%clk 1:19:21]} Qd6 {[%clk 0:58:52]} 13. h4 {[%clk 1:11:56]} Qd7
{[%clk 0:46:21]} 14. Nf4 {[%clk 0:57:06]} Ne7 {[%clk 0:44:52]} 15. Nxe6
{[%clk 0:50:27]} fxe6 {[%clk 0:36:54]} 16. c4 {[%clk 0:41:25]} Rac8
{[%clk 0:32:36]} 17. cxd5 {[%clk 0:39:59]} Qxd5 {[%clk 0:29:26]} 18. Qxd5
{[%clk 0:39:42]} exd5 {[%clk 0:24:07]} 19. Kd2 {[%clk 0:39:44]} Rc7
{[%clk 0:24:04]} 20. a4 {[%clk 0:36:14]} Kf7 {[%clk 0:22:04]} 21. a5
{[%clk 0:29:51]} Ke6 {[%clk 0:22:17]} 22. Rhb1 {[%clk 0:19:16]} Nc8
{[%clk 0:21:06]} 23. Rc1 {[%clk 0:13:26]} Rff7 {[%clk 0:19:26]} 24. e4
{[%clk 0:13:30]} Nd6 {[%clk 0:19:02]} 25. f3 {[%clk 0:13:42]} Rfe7
{[%clk 0:15:26]} 26. Rab1 {[%clk 0:13:08]} dxe4 {[%clk 0:13:28]} 27. fxe4
{[%clk 0:13:22]} Rxc1 {[%clk 0:12:54]} 28. Rxc1 {[%clk 0:13:45]} Kd7
{[%clk 0:13:18]} 29. Re1 {[%clk 0:13:02]} Kc6 {[%clk 0:13:01]} 30. Rc1+
{[%clk 0:12:50]} Kd7 {[%clk 0:13:23]} 31. Re1 {[%clk 0:13:17]} Kc6
{[%clk 0:13:27]} 32. g4 {[%clk 0:11:57]} b6 {[%clk 0:11:01]} 33. axb6
{[%clk 0:10:47]} axb6 {[%clk 0:11:23]} 34. Kc3 {[%clk 0:08:11]} Rc7
{[%clk 0:06:33]} 35. Kb4 {[%clk 0:08:19]} Re7 {[%clk 0:06:35]} 36. Re2
{[%clk 0:07:06]} Kc7 {[%clk 0:04:04]} 37. g5 {[%clk 0:05:12]} hxg5
{[%clk 0:04:27]} 38. hxg5 {[%clk 0:05:39]} Kc6 {[%clk 0:03:53]} 39. g6
{[%clk 0:05:15]} Kc7 {[%clk 0:01:54]} 40. Kc3 {[%clk 0:32:43]} Kc6
{[%clk 0:31:04]} 41. Kb4 {[%clk 0:26:21]} Kc7 {[%clk 0:30:26]} 42. Kc3
{[%clk 0:17:52]} Kc6 {[%clk 0:30:45]} 43. Kb4 {[%clk 0:18:19]} 1/2-1/2

[Event "Women's World Team Chess Championship"]
[Site "Khanty-Mansiysk, RUS."]
[Date "2017.06.23"]
[Round "6.15"]
[White "Padmini Rout (IND)"]
[Black "Gunina Valentina (RUS)"]
[Result "0-1"]
[BlackElo "2499"]
[WhiteElo "2375"]
[LiveChessVersion "1.4.8"]

1. e4 {[%clk 1:30:48]} c6 {[%clk 1:30:53]} 2. d4 {[%clk 1:30:52]} d5
{[%clk 1:31:16]} 3. e5 {[%clk 1:31:09]} Bf5 {[%clk 1:31:40]} 4. Nf3
{[%clk 1:31:01]} e6 {[%clk 1:31:55]} 5. Be2 {[%clk 1:31:14]} Ne7 {[%clk 1:32:12]}
6. O-O {[%clk 1:30:44]} h6 {[%clk 1:32:30]} 7. Nbd2 {[%clk 1:30:49]} Nd7
{[%clk 1:32:53]} 8. Nb3 {[%clk 1:30:51]} g5 {[%clk 1:33:14]} 9. a4
{[%clk 1:29:56]} a5 {[%clk 1:32:50]} 10. Bd2 {[%clk 1:24:48]} Bg7
{[%clk 1:31:06]} 11. Ne1 {[%clk 1:15:05]} c5 {[%clk 1:25:05]} 12. Bb5
{[%clk 1:13:44]} Nc6 {[%clk 1:23:43]} 13. c3 {[%clk 1:12:14]} O-O
{[%clk 1:22:06]} 14. Bxc6 {[%clk 0:53:39]} bxc6 {[%clk 1:22:15]} 15. Nxc5
{[%clk 0:53:50]} Nxc5 {[%clk 1:21:46]} 16. dxc5 {[%clk 0:54:17]} Bxe5
{[%clk 1:17:27]} 17. f4 {[%clk 0:51:21]} Bg7 {[%clk 1:14:16]} 18. fxg5
{[%clk 0:40:12]} hxg5 {[%clk 1:14:10]} 19. Nf3 {[%clk 0:32:13]} Qe7
{[%clk 1:13:40]} 20. Nxg5 {[%clk 0:27:40]} f6 {[%clk 1:12:39]} 21. Nf3
{[%clk 0:26:47]} Qxc5+ {[%clk 1:12:59]} 22. Kh1 {[%clk 0:27:11]} Be4
{[%clk 1:11:54]} 23. Qe1 {[%clk 0:20:37]} Qd6 {[%clk 1:08:30]} 24. Be3
{[%clk 0:19:57]} c5 {[%clk 1:05:58]} 25. Nd2 {[%clk 0:17:37]} Bd3
{[%clk 1:03:48]} 26. Rf3 {[%clk 0:17:22]} c4 {[%clk 1:04:02]} 27. b3
{[%clk 0:16:24]} f5 {[%clk 0:57:40]} 28. bxc4 {[%clk 0:16:29]} dxc4
{[%clk 0:58:03]} 29. Qh4 {[%clk 0:07:17]} e5 {[%clk 0:56:53]} 30. Nxc4
{[%clk 0:06:00]} Qe6 {[%clk 0:55:42]} 31. Nxe5 {[%clk 0:04:43]} Bxe5
{[%clk 0:53:19]} 32. Bd4 {[%clk 0:01:02]} Be4 {[%clk 0:50:33]} 33. Rh3
{[%clk 0:00:48]} Qg6 {[%clk 0:49:14]} 34. Rg1 {[%clk 0:00:48]} Rab8
{[%clk 0:48:45]} 35. Re3 {[%clk 0:00:47]} Rb1 {[%clk 0:48:06]} 36. Rxe4
{[%clk 0:00:58]} Rxg1+ {[%clk 0:48:28]} 37. Kxg1 {[%clk 0:01:22]} fxe4
{[%clk 0:48:48]} 38. Bxe5 {[%clk 0:01:43]} Qb6+ {[%clk 0:49:02]} 0-1

[Event "Women's World Team Chess Championship"]
[Site "Khanty-Mansiysk, RUS."]
[Date "2017.06.23"]
[Round "6.16"]
[White "Girya Olga (RUS)"]
[Black "Vijayalakshmi Subbaraman (IND)"]
[Result "1-0"]
[BlackElo "2375"]
[WhiteElo "2480"]
[LiveChessVersion "1.4.8"]

1. d4 {[%clk 1:30:55]} d5 {[%clk 1:30:50]} 2. Nf3 {[%clk 1:31:19]} Nf6
{[%clk 1:30:48]} 3. c4 {[%clk 1:31:42]} dxc4 {[%clk 1:30:21]} 4. e3
{[%clk 1:31:58]} Bg4 {[%clk 1:26:42]} 5. Bxc4 {[%clk 1:29:44]} e6
{[%clk 1:26:12]} 6. O-O {[%clk 1:22:26]} Nc6 {[%clk 1:21:10]} 7. Bb5
{[%clk 1:15:01]} Bd6 {[%clk 1:16:12]} 8. Nbd2 {[%clk 1:13:48]} O-O
{[%clk 1:10:52]} 9. Bxc6 {[%clk 1:05:37]} bxc6 {[%clk 1:11:17]} 10. Qc2
{[%clk 1:06:03]} Qd7 {[%clk 1:06:28]} 11. e4 {[%clk 0:57:09]} Bf4
{[%clk 0:40:05]} 12. Ne5 {[%clk 0:55:24]} Qxd4 {[%clk 0:38:50]} 13. Ndf3
{[%clk 0:49:15]} Qd6 {[%clk 0:23:59]} 14. Bxf4 {[%clk 0:48:55]} Bxf3
{[%clk 0:23:58]} 15. gxf3 {[%clk 0:48:44]} Nh5 {[%clk 0:23:50]} 16. Rad1
{[%clk 0:47:19]} Qe7 {[%clk 0:24:09]} 17. Bg3 {[%clk 0:41:38]} f6
{[%clk 0:13:09]} 18. Nxc6 {[%clk 0:41:35]} Qf7 {[%clk 0:13:27]} 19. Rd2
{[%clk 0:36:42]} e5 {[%clk 0:10:21]} 20. Rfd1 {[%clk 0:36:04]} Qxa2
{[%clk 0:07:26]} 21. Rd7 {[%clk 0:35:30]} g5 {[%clk 0:04:24]} 22. Rxc7
{[%clk 0:28:41]} Rf7 {[%clk 0:02:15]} 23. Rxf7 {[%clk 0:26:26]} Qxf7
{[%clk 0:01:43]} 24. Nd8 {[%clk 0:26:11]} Qe7 {[%clk 0:01:12]} 25. Qc4+
{[%clk 0:26:29]} Kg7 {[%clk 0:01:08]} 26. Nc6 {[%clk 0:26:00]} Qf7
{[%clk 0:00:33]} 27. Qxf7+ {[%clk 0:25:23]} Kxf7 {[%clk 0:00:58]} 28. Rd7+
{[%clk 0:25:44]} Kg8 {[%clk 0:00:36]} 29. Rxa7 {[%clk 0:25:55]} Rxa7
{[%clk 0:00:52]} 30. Nxa7 {[%clk 0:26:21]} Ng7 {[%clk 0:01:02]} 31. Nc6
{[%clk 0:24:33]} Kf7 {[%clk 0:01:23]} 32. Nxe5+ {[%clk 0:24:19]} fxe5
{[%clk 0:01:42]} 33. Bxe5 {[%clk 0:24:48]} Ne6 {[%clk 0:01:59]} 34. b4
{[%clk 0:24:54]} Ke7 {[%clk 0:02:19]} 35. Kg2 {[%clk 0:24:59]} Kd7
{[%clk 0:02:33]} 36. Kg3 {[%clk 0:24:07]} Kc6 {[%clk 0:01:32]} 37. Kg4
{[%clk 0:24:00]} Kb5 {[%clk 0:01:37]} 38. Kf5 {[%clk 0:24:18]} Nd8
{[%clk 0:01:38]} 39. Bd6 {[%clk 0:24:41]} h6 {[%clk 0:01:38]} 40. Be7
{[%clk 0:54:30]} Nc6 {[%clk 0:31:53]} 41. Bc5 {[%clk 0:54:56]} Kc4
{[%clk 0:32:07]} 42. e5 {[%clk 0:55:00]} Kd5 {[%clk 0:31:54]} 43. e6
{[%clk 0:55:23]} Nd8 {[%clk 0:32:00]} 44. e7 {[%clk 0:55:40]} Ne6
{[%clk 0:32:24]} 45. Kf6 {[%clk 0:55:58]} 1-0

[Event "Women's World Team Chess Championship"]
[Site "Khanty-Mansiysk, RUS."]
[Date "2017.06.23"]
[Round "6.17"]
[White "Socko Monika (POL)"]
[Black "Mona Khaled (EGY)"]
[Result "1-0"]
[BlackElo "2168"]
[WhiteElo "2485"]
[LiveChessVersion "1.4.8"]

1. d4 {[%clk 1:30:57]} Nf6 {[%clk 1:30:37]} 2. c4 {[%clk 1:31:21]} d6
{[%clk 1:30:46]} 3. Nc3 {[%clk 1:31:02]} Nbd7 {[%clk 1:30:40]} 4. e4
{[%clk 1:30:28]} e5 {[%clk 1:30:40]} 5. Nf3 {[%clk 1:29:31]} g6 {[%clk 1:30:59]}
6. Be2 {[%clk 1:26:55]} Bg7 {[%clk 1:30:56]} 7. O-O {[%clk 1:27:15]} O-O
{[%clk 1:31:21]} 8. Be3 {[%clk 1:25:43]} Re8 {[%clk 1:25:52]} 9. d5
{[%clk 1:23:36]} h6 {[%clk 1:20:49]} 10. Nd2 {[%clk 1:20:42]} Nh7
{[%clk 1:19:46]} 11. b4 {[%clk 1:19:46]} f5 {[%clk 1:17:48]} 12. f3
{[%clk 1:20:05]} f4 {[%clk 1:12:52]} 13. Bf2 {[%clk 1:20:30]} Bf8
{[%clk 1:06:41]} 14. Nb3 {[%clk 1:17:05]} Re7 {[%clk 0:59:10]} 15. c5
{[%clk 1:16:33]} Ndf6 {[%clk 0:58:12]} 16. Rc1 {[%clk 1:05:31]} Rg7
{[%clk 0:57:50]} 17. Qc2 {[%clk 1:00:52]} Ne8 {[%clk 0:53:59]} 18. Nb5
{[%clk 0:58:14]} a6 {[%clk 0:51:58]} 19. Na3 {[%clk 0:56:56]} g5 {[%clk 0:48:45]}
20. cxd6 {[%clk 0:49:57]} Bxd6 {[%clk 0:48:21]} 21. Nc5 {[%clk 0:49:00]} h5
{[%clk 0:44:43]} 22. Nc4 {[%clk 0:35:57]} g4 {[%clk 0:44:50]} 23. fxg4
{[%clk 0:33:29]} hxg4 {[%clk 0:45:08]} 24. g3 {[%clk 0:33:31]} Ng5
{[%clk 0:42:29]} 25. Kh1 {[%clk 0:31:52]} Nh3 {[%clk 0:36:42]} 26. Qc3
{[%clk 0:30:08]} Qg5 {[%clk 0:34:17]} 27. Ne6 {[%clk 0:26:41]} Bxe6
{[%clk 0:34:15]} 28. dxe6 {[%clk 0:27:10]} Rh7 {[%clk 0:28:54]} 29. Be1
{[%clk 0:14:46]} f3 {[%clk 0:21:49]} 30. Bd3 {[%clk 0:13:32]} Qh5
{[%clk 0:20:25]} 31. Qb2 {[%clk 0:10:57]} Nf6 {[%clk 0:19:45]} 32. Bc3
{[%clk 0:10:00]} Ng5 {[%clk 0:17:27]} 33. Rce1 {[%clk 0:10:16]} Qh3
{[%clk 0:16:53]} 34. Qf2 {[%clk 0:07:31]} Qg2+ {[%clk 0:05:38]} 35. Qxg2
{[%clk 0:07:56]} fxg2+ {[%clk 0:06:04]} 36. Kxg2 {[%clk 0:08:23]} Nf3
{[%clk 0:06:28]} 37. h4 {[%clk 0:05:35]} Nxe1+ {[%clk 0:05:37]} 38. Rxe1
{[%clk 0:05:35]} Re8 {[%clk 0:04:10]} 39. Nxe5 {[%clk 0:05:08]} b5
{[%clk 0:04:11]} 40. Nc6 {[%clk 0:34:13]} Rxe6 {[%clk 0:31:38]} 41. Bxf6
{[%clk 0:24:10]} Bxg3 {[%clk 0:27:43]} 42. Kxg3 {[%clk 0:21:55]} Rxf6
{[%clk 0:28:07]} 43. Ne5 {[%clk 0:21:02]} Rd6 {[%clk 0:27:44]} 44. Re3
{[%clk 0:21:11]} Rg7 {[%clk 0:25:11]} 45. Nxg4 {[%clk 0:19:15]} Rd4
{[%clk 0:24:37]} 46. a3 {[%clk 0:19:32]} c5 {[%clk 0:24:08]} 47. bxc5
{[%clk 0:18:56]} Rc7 {[%clk 0:24:29]} 48. e5 {[%clk 0:18:15]} Kf7
{[%clk 0:22:40]} 49. e6+ {[%clk 0:18:03]} Ke7 {[%clk 0:22:49]} 50. Nh6
{[%clk 0:17:35]} Kf6 {[%clk 0:22:05]} 51. e7 {[%clk 0:16:23]} 1-0

[Event "Women's World Team Chess Championship"]
[Site "Khanty-Mansiysk, RUS."]
[Date "2017.06.23"]
[Round "6.18"]
[White "Wafa Shrook (EGY)"]
[Black "Zawadzka Jolanta (POL)"]
[Result "1/2-1/2"]
[BlackElo "2426"]
[WhiteElo "2141"]
[LiveChessVersion "1.4.8"]

1. e4 {[%clk 1:30:57]} c5 {[%clk 1:30:51]} 2. Nf3 {[%clk 1:31:16]} d6
{[%clk 1:31:15]} 3. Bb5+ {[%clk 1:31:04]} Nc6 {[%clk 1:31:33]} 4. Bxc6+
{[%clk 1:30:58]} bxc6 {[%clk 1:31:57]} 5. O-O {[%clk 1:31:13]} Bg4
{[%clk 1:30:48]} 6. d3 {[%clk 1:31:05]} e5 {[%clk 1:25:32]} 7. Re1
{[%clk 1:29:44]} g6 {[%clk 1:20:53]} 8. h3 {[%clk 1:28:07]} Bxf3 {[%clk 1:19:23]}
9. Qxf3 {[%clk 1:28:22]} Bg7 {[%clk 1:19:45]} 10. c3 {[%clk 1:25:35]} Ne7
{[%clk 1:18:04]} 11. Bg5 {[%clk 1:15:25]} O-O {[%clk 1:15:18]} 12. Bf6
{[%clk 1:15:02]} Qd7 {[%clk 1:14:53]} 13. Nd2 {[%clk 1:11:38]} Qe6
{[%clk 1:11:46]} 14. Bxe7 {[%clk 1:11:31]} Qxe7 {[%clk 1:12:11]} 15. Nc4
{[%clk 1:11:01]} Qd7 {[%clk 1:08:22]} 16. Rad1 {[%clk 1:01:36]} f5
{[%clk 1:03:21]} 17. Qg3 {[%clk 0:56:23]} f4 {[%clk 0:55:30]} 18. Qg4
{[%clk 0:56:25]} Qe7 {[%clk 0:54:45]} 19. h4 {[%clk 0:53:14]} Rad8
{[%clk 0:48:49]} 20. Nd2 {[%clk 0:50:00]} Qb7 {[%clk 0:39:50]} 21. b3
{[%clk 0:45:39]} Rfe8 {[%clk 0:34:41]} 22. Nf3 {[%clk 0:44:16]} a5
{[%clk 0:32:46]} 23. h5 {[%clk 0:42:22]} Qd7 {[%clk 0:27:12]} 24. Qxd7
{[%clk 0:33:51]} Rxd7 {[%clk 0:27:39]} 25. hxg6 {[%clk 0:34:12]} hxg6
{[%clk 0:28:07]} 26. d4 {[%clk 0:34:04]} exd4 {[%clk 0:26:39]} 27. cxd4
{[%clk 0:29:37]} cxd4 {[%clk 0:27:05]} 28. Nxd4 {[%clk 0:29:54]} c5
{[%clk 0:27:32]} 29. Nf3 {[%clk 0:25:08]} Bc3 {[%clk 0:20:11]} 30. Re2
{[%clk 0:23:47]} d5 {[%clk 0:20:00]} 31. e5 {[%clk 0:23:02]} Kg7 {[%clk 0:16:40]}
32. Kf1 {[%clk 0:20:43]} Kh6 {[%clk 0:15:50]} 33. Rc2 {[%clk 0:17:06]} Bb4
{[%clk 0:14:26]} 34. Ne1 {[%clk 0:15:35]} Rxe5 {[%clk 0:10:15]} 35. Nd3
{[%clk 0:14:58]} Rh5 {[%clk 0:10:35]} 36. Nxb4 {[%clk 0:13:59]} cxb4
{[%clk 0:10:42]} 37. Ke2 {[%clk 0:13:18]} Re5+ {[%clk 0:02:53]} 38. Kf3
{[%clk 0:12:44]} g5 {[%clk 0:02:09]} 39. Rc6+ {[%clk 0:12:04]} Kg7
{[%clk 0:02:33]} 40. Rc5 {[%clk 0:40:42]} Kf6 {[%clk 0:32:46]} 41. Rd4
{[%clk 0:38:58]} Kf5 {[%clk 0:19:40]} 42. g4+ {[%clk 0:39:12]} fxg3
{[%clk 0:15:52]} 43. Kxg3 {[%clk 0:33:33]} Ke6 {[%clk 0:13:20]} 44. Rxa5
{[%clk 0:31:47]} Re1 {[%clk 0:13:43]} 45. Rxb4 {[%clk 0:22:08]} d4
{[%clk 0:13:57]} 46. Rb6+ {[%clk 0:22:13]} Rd6 {[%clk 0:08:24]} 47. Rxd6+
{[%clk 0:21:24]} Kxd6 {[%clk 0:08:53]} 48. Ra8 {[%clk 0:21:29]} Kc5
{[%clk 0:09:10]} 49. Rc8+ {[%clk 0:21:03]} Kd5 {[%clk 0:07:56]} 50. Rd8+
{[%clk 0:21:11]} Kc5 {[%clk 0:08:19]} 51. Kf3 {[%clk 0:17:36]} Rb1
{[%clk 0:08:28]} 52. Ke4 {[%clk 0:16:01]} Re1+ {[%clk 0:07:13]} 53. Kd3
{[%clk 0:15:41]} Rd1+ {[%clk 0:07:38]} 54. Ke2 {[%clk 0:14:40]} Rb1
{[%clk 0:07:40]} 55. Rc8+ {[%clk 0:13:17]} Kd5 {[%clk 0:07:55]} 56. Rc2
{[%clk 0:12:48]} g4 {[%clk 0:07:48]} 57. Kd3 {[%clk 0:11:12]} Rh1
{[%clk 0:07:48]} 58. b4 {[%clk 0:10:37]} Rh3+ {[%clk 0:06:48]} 59. Kd2
{[%clk 0:10:40]} Rh2 {[%clk 0:06:55]} 60. Kd3 {[%clk 0:07:15]} Rh3+
{[%clk 0:07:17]} 61. Kd2 {[%clk 0:07:36]} Rh2 {[%clk 0:04:14]} 62. Kd3
{[%clk 0:06:05]} Rh3+ {[%clk 0:04:27]} 63. Kd2 {[%clk 0:06:20]} 1/2-1/2

[Event "Women's World Team Chess Championship"]
[Site "Khanty-Mansiysk, RUS."]
[Date "2017.06.23"]
[Round "6.19"]
[White "Szczepkowska Karina (POL)"]
[Black "Moaataz Ayah (EGY)"]
[Result "1-0"]
[BlackElo "2020"]
[WhiteElo "2414"]
[LiveChessVersion "1.4.8"]

1. e4 {[%clk 1:30:56]} c6 {[%clk 1:30:57]} 2. d4 {[%clk 1:31:14]} d5
{[%clk 1:31:23]} 3. e5 {[%clk 1:31:38]} Bf5 {[%clk 1:31:34]} 4. h4
{[%clk 1:31:12]} h5 {[%clk 1:31:30]} 5. Bd3 {[%clk 1:30:38]} Bxd3
{[%clk 1:30:42]} 6. Qxd3 {[%clk 1:29:53]} e6 {[%clk 1:31:05]} 7. Bg5
{[%clk 1:28:45]} Qb6 {[%clk 1:30:10]} 8. Nd2 {[%clk 1:28:52]} Ne7
{[%clk 1:25:53]} 9. Ngf3 {[%clk 1:25:17]} Nd7 {[%clk 1:23:49]} 10. O-O
{[%clk 1:20:59]} Rc8 {[%clk 1:13:46]} 11. c4 {[%clk 1:16:29]} Qa6
{[%clk 1:13:58]} 12. b3 {[%clk 1:13:42]} Nf5 {[%clk 1:12:39]} 13. Qc2
{[%clk 1:03:32]} b6 {[%clk 1:04:23]} 14. a4 {[%clk 0:56:06]} Bb4 {[%clk 1:04:09]}
15. Rfc1 {[%clk 0:52:02]} O-O {[%clk 1:03:51]} 16. Nf1 {[%clk 0:43:32]} c5
{[%clk 0:57:21]} 17. dxc5 {[%clk 0:38:31]} dxc4 {[%clk 0:50:37]} 18. bxc4
{[%clk 0:31:17]} Bxc5 {[%clk 0:47:30]} 19. N1d2 {[%clk 0:29:09]} Qb7
{[%clk 0:37:02]} 20. Ne4 {[%clk 0:27:54]} Qb8 {[%clk 0:33:22]} 21. Bf4
{[%clk 0:25:48]} Be7 {[%clk 0:27:27]} 22. Rd1 {[%clk 0:23:11]} Rfd8
{[%clk 0:27:30]} 23. Nd6 {[%clk 0:18:27]} Nxd6 {[%clk 0:25:50]} 24. exd6
{[%clk 0:18:48]} Bf6 {[%clk 0:26:15]} 25. Ra3 {[%clk 0:16:47]} Rc6
{[%clk 0:23:01]} 26. Rad3 {[%clk 0:08:41]} e5 {[%clk 0:22:25]} 27. Bg3
{[%clk 0:04:23]} e4 {[%clk 0:18:17]} 28. Rd5 {[%clk 0:04:49]} exf3
{[%clk 0:18:39]} 29. Rxh5 {[%clk 0:05:13]} g6 {[%clk 0:18:27]} 30. Rhd5
{[%clk 0:05:13]} Rdc8 {[%clk 0:18:13]} 31. h5 {[%clk 0:05:33]} Rxc4
{[%clk 0:17:22]} 32. Qd2 {[%clk 0:05:02]} Kg7 {[%clk 0:11:15]} 33. hxg6
{[%clk 0:04:46]} fxg6 {[%clk 0:11:35]} 34. gxf3 {[%clk 0:04:59]} Re8
{[%clk 0:07:25]} 35. Kg2 {[%clk 0:04:57]} Rc5 {[%clk 0:06:30]} 36. Rd4
{[%clk 0:03:39]} Rh5 {[%clk 0:04:48]} 37. Rg4 {[%clk 0:03:27]} Re6
{[%clk 0:03:04]} 38. Rc1 {[%clk 0:02:55]} Nc5 {[%clk 0:02:24]} 39. d7
{[%clk 0:01:50]} Qd8 {[%clk 0:02:33]} 40. Qc2 {[%clk 0:31:43]} Be5
{[%clk 0:31:52]} 41. Re1 {[%clk 0:25:13]} Nxd7 {[%clk 0:23:34]} 42. f4
{[%clk 0:25:07]} Qa8+ {[%clk 0:22:52]} 43. f3 {[%clk 0:25:14]} Rf6
{[%clk 0:22:30]} 44. Qd1 {[%clk 0:20:40]} Bd6 {[%clk 0:20:05]} 45. Bh4
{[%clk 0:20:10]} Rd5 {[%clk 0:19:10]} 46. Qc2 {[%clk 0:18:44]} Rff5
{[%clk 0:16:58]} 47. Re6 Kf7 {[%clk 0:10:54]} 48. Rexg6 {[%clk 0:17:56]} Bxf4
{[%clk 0:07:50]} 49. Rg7+ {[%clk 0:16:40]} Ke6 {[%clk 0:05:27]} 50. Qe4+
{[%clk 0:11:27]} Be5 {[%clk 0:02:24]} 51. Re7+ {[%clk 0:09:52]} Kd6
{[%clk 0:02:36]} 52. Qxf5 {[%clk 0:09:43]} Rd2+ {[%clk 0:02:54]} 53. Kf1
{[%clk 0:10:00]} Rd1+ {[%clk 0:01:24]} 54. Ke2 {[%clk 0:10:07]} Rd2+
{[%clk 0:01:14]} 55. Kxd2 {[%clk 0:10:05]} Qd5+ {[%clk 0:01:38]} 56. Qd3
{[%clk 0:10:27]} Qxd3+ {[%clk 0:01:39]} 57. Kxd3 {[%clk 0:10:52]} Nc5+
{[%clk 0:01:10]} 58. Kc4 {[%clk 0:11:08]} 1-0

[Event "Women's World Team Chess Championship"]
[Site "Khanty-Mansiysk, RUS."]
[Date "2017.06.23"]
[Round "6.20"]
[White "Elansary Eman (EGY)"]
[Black "Kulon Klaudia (POL)"]
[Result "0-1"]
[BlackElo "2381"]
[WhiteElo "1887"]
[LiveChessVersion "1.4.8"]

1. d4 {[%clk 1:30:54]} Nf6 {[%clk 1:30:56]} 2. c4 {[%clk 1:31:18]} g6
{[%clk 1:31:22]} 3. Nc3 {[%clk 1:31:43]} Bg7 {[%clk 1:31:49]} 4. e4
{[%clk 1:32:06]} O-O {[%clk 1:32:09]} 5. Be2 {[%clk 1:30:51]} d6 {[%clk 1:32:29]}
6. Be3 {[%clk 1:30:48]} e5 {[%clk 1:31:41]} 7. d5 {[%clk 1:30:09]} a5
{[%clk 1:29:10]} 8. h4 {[%clk 1:29:51]} Na6 {[%clk 1:27:02]} 9. h5
{[%clk 1:29:56]} Nc5 {[%clk 1:26:13]} 10. hxg6 {[%clk 1:28:17]} hxg6
{[%clk 1:25:57]} 11. Bg5 {[%clk 1:21:47]} Qd7 {[%clk 1:16:12]} 12. Bf3
{[%clk 1:19:58]} Nh7 {[%clk 1:09:26]} 13. Bh6 {[%clk 1:14:47]} f5
{[%clk 1:04:47]} 14. Bxg7 {[%clk 1:12:18]} Qxg7 {[%clk 1:02:43]} 15. Qd2
{[%clk 1:10:15]} Nf6 {[%clk 1:02:14]} 16. Qe2 {[%clk 0:49:12]} a4
{[%clk 0:54:19]} 17. O-O-O {[%clk 0:46:10]} a3 {[%clk 0:53:00]} 18. b3
{[%clk 0:41:42]} fxe4 {[%clk 0:51:25]} 19. Bxe4 {[%clk 0:41:17]} Nfxe4
{[%clk 0:51:20]} 20. Nxe4 {[%clk 0:40:36]} Nxe4 {[%clk 0:51:44]} 21. Qxe4
{[%clk 0:40:59]} Rxf2 {[%clk 0:51:14]} 22. Qh4 {[%clk 0:36:36]} Rf4
{[%clk 0:50:28]} 23. Qh6 {[%clk 0:29:15]} Qxh6 {[%clk 0:48:23]} 24. Rxh6
{[%clk 0:29:40]} Kg7 {[%clk 0:48:50]} 25. Rh2 {[%clk 0:28:52]} Bg4
{[%clk 0:48:41]} 26. g3 {[%clk 0:27:47]} Rf6 {[%clk 0:48:34]} 27. Ne2
{[%clk 0:26:46]} Raf8 {[%clk 0:47:39]} 28. Rdh1 {[%clk 0:22:27]} Rf1+
{[%clk 0:48:00]} 29. Rxf1 {[%clk 0:22:42]} Rxf1+ {[%clk 0:48:26]} 30. Kd2
{[%clk 0:21:11]} Rb1 {[%clk 0:48:45]} 31. Rf2 {[%clk 0:15:47]} Rb2+
{[%clk 0:48:19]} 32. Ke3 {[%clk 0:14:26]} Rxa2 {[%clk 0:48:22]} 33. Nc1
{[%clk 0:14:33]} Rb2 {[%clk 0:48:27]} 34. Rd2 {[%clk 0:14:14]} Bf5
{[%clk 0:48:30]} 0-1